| 000 | 00796nam a2200205 a 4500 | ||
|---|---|---|---|
| 005 | 20221019063632.0 | ||
| 008 | 991125s1976 es 000 0 spa u | ||
| 035 | _aUPN01000046584 | ||
| 049 | _aCG | ||
| 050 | 4 |
_aD16 _bC3.6 |
|
| 100 | 1 |
_aCardoso, Ciro Flamarion Santana, _d1942- _928660 |
|
| 245 | 1 | 3 |
_aEl problema de la síntesis en historia / _cCardoso y Brignoli. |
| 300 | _ap. 347-394. | ||
| 520 | _aEn: Los métodos de la historia / Cardoso y Brignoli. -- Barcelona, Esp. : Grijalbo, 1976 | ||
| 520 | _aTítulo de la cubierta: Metodología de la investigación : lectura no. 13 | ||
| 500 | _aA la cabeza de la cubierta: Universidad Pedagógica Nacional. Maestrías | ||
| 650 | 2 |
_aInvestigación histórica _98207 |
|
| 700 | 1 |
_aPérez Brignoli, Héctor, _ecoaut. _929844 |
|
| 905 | _aLibro | ||
| 999 |
_c46584 _d46584 |
||